Economía /
Guardado en:
| Autor Principal: | |
|---|---|
| Otros Autores: | |
| Formato: | Libro |
| Publicado: |
Ituzaingó :
Maipue,
2007
|
| Materias: | |
| Etiquetas: |
Agregar Etiqueta
Sin Etiquetas, Sea el primero en etiquetar este registro!
|
| LEADER | 01473nam a22002415a 4500 | ||
|---|---|---|---|
| 001 | CEM.cems012935 | ||
| 005 | 20080710115513.0 | ||
| 008 | 130507s2007##################000#0#####d | ||
| 003 | CEMS | ||
| 020 | |a 987949329X | ||
| 082 | 0 | 4 | |a 330 |
| 100 | 1 | |a Eggers, Francisco Guillermo | |
| 245 | 1 | 0 | |a Economía / |c Francisco Guillermo Eggers, Colaboración de Antonio Elio Brailovsky |
| 260 | |a Ituzaingó : |b Maipue, |c 2007 | ||
| 300 | |a 224 p. | ||
| 500 | |a Para nivel de Enseñanza Media y Secundaria | ||
| 505 | 0 | |a La ciencia económica -- La actividad económica y los agentes económicos -- El funcionamiento de las economías de mercado -- La producción y la retribución de los factores -- Las formas de mercado y la competencia -- La intervención del Estado en la economía -- La contabilidad nacional -- Determinantes de la oferta y la demanda global -- El dinero y el sistema bancario -- Las relaciones económicas con el exterior -- La integración internacional -- Las fluctuaciones económicas y el desempleo -- Crecimiento, desarrollo y medio ambiente -- La inflación -- Las políticas macroeconómicas -- Evalución reciente de la economía argentina -- Historia del pensamiento económico / Antonio Elio Brailovsky | |
| 653 | |a Economía | ||
| 653 | |a Historia de la economía | ||
| 653 | |a Economía-polimodal | ||
| 653 | |a Economía-educación secundaria básica | ||
| 700 | 1 | |a Brailovsky, Antonio Elio | |
| 859 | |a CEMS |b BIB. CEMS - 11 de abril |h 330 |i Eg33 |p 25230.08 |t Ej.1 | ||
